00768nam a2200193 a 450000100100000000500170001000800410002704000250006808200150009311000320010824500580014025000220019826000490022030000200026950000870028904900090037695201720038599900170055700003107820200930062706.0100305s1929 dr 000 0 spa d aDO-SdBNPbspacBNPHU axxxbR426r1 aRepública Dominicana944710aReglamento general de policía y sus modificaciones. aEdición oficial aSanto DomingofDe J. R. Vda. Garcíac1929. a14 p. ;c24 cm. aDictado en fecha 15 de junio del 1923. Publicado en la gaceta oficial núm. 2440. aBNPD 0010718PDaPDbPDcCTd2011-06-13iLF1l0oxxx R426rp31078-10r2020-06-25w2020-06-25yLFPDzPerteneció a la biblioteca personal de Martínez Boog.ZNo se presta c30570d30570